| 000 | 00940nam a2200289 a 4500 | ||
|---|---|---|---|
| 001 | 26897 | ||
| 003 | BD-RjUL | ||
| 005 | 20211209051101.0 | ||
| 008 | 181015r19451876ii 000 0 eng d | ||
| 035 | _a(BD-RjUL)26968 | ||
| 040 |
_aDLC _cDLC _dEQO _dBD-RjUL _beng |
||
| 041 | _aeng | ||
| 043 | _aa-ii--- | ||
| 082 |
_223 _a954.0088297 _bHUI 1945 |
||
| 100 | 1 |
_aHunter, William Wilson, _d1840-1900. _9223799 |
|
| 245 | 1 | 4 |
_aThe Indian Musalmans / _cby W. W. Hunter |
| 250 | _a3rd ed. | ||
| 250 | _aIndian Reprint ed. | ||
| 260 |
_aCalcutta : _bThe Comrade Publishers, _c1876 [Reprinted 1945] |
||
| 300 |
_a208 p. ; _c22 cm |
||
| 500 | _a"Reprinted from the Third Edition" "3rd ed. published in 1876" | ||
| 650 | 0 |
_aMuslims _zIndia. _9223800 |
|
| 650 | 0 |
_aBritish Occupation of India (1765-1947) _9223801 |
|
| 650 | 0 |
_aMuslims _xPolitical activity _9223802 |
|
| 651 |
_aIndia _xPolitics and government _9223803 |
||
| 942 |
_2ddc _cRAR |
||
| 999 |
_c26897 _d26897 |
||